<?xml version="1.0" encoding="UTF-8"?>
<record
    xmlns:xsi="http://www.w3.org/2001/XMLSchema-instance"
    xsi:schemaLocation="http://www.loc.gov/MARC21/slim http://www.loc.gov/standards/marcxml/schema/MARC21slim.xsd"
    xmlns="http://www.loc.gov/MARC21/slim">

  <leader>04071njm a2200493Ia 4500</leader>
  <controlfield tag="001">24646</controlfield>
  <controlfield tag="003">IT-RoPAU</controlfield>
  <controlfield tag="005">20220918181124.0</controlfield>
  <controlfield tag="008">131025s9999    xx            000 0 und d</controlfield>
  <datafield tag="040" ind1=" " ind2=" ">
    <subfield code="a">IT-RoPAU</subfield>
  </datafield>
  <datafield tag="040" ind1=" " ind2=" ">
    <subfield code="c">IT-RoPAU</subfield>
  </datafield>
  <datafield tag="999" ind1=" " ind2=" ">
    <subfield code="c">100004</subfield>
    <subfield code="d">100004</subfield>
  </datafield>
  <datafield tag="999" ind1=" " ind2=" ">
    <subfield code="b">n.d.</subfield>
  </datafield>
  <datafield tag="100" ind1=" " ind2=" ">
    <subfield code="a">AA.VV.</subfield>
    <subfield code="9">794</subfield>
  </datafield>
  <datafield tag="100" ind1=" " ind2=" ">
    <subfield code="e">Autore musica</subfield>
    <subfield code="9">11250</subfield>
  </datafield>
  <datafield tag="100" ind1=" " ind2=" ">
    <subfield code="g">Codice autore musica SPICS: 12000</subfield>
    <subfield code="9">796</subfield>
  </datafield>
  <datafield tag="245" ind1=" " ind2=" ">
    <subfield code="a">James Last Spielt-Robert Stolz</subfield>
  </datafield>
  <datafield tag="250" ind1=" " ind2=" ">
    <subfield code="a">1a ed.</subfield>
  </datafield>
  <datafield tag="260" ind1=" " ind2=" ">
    <subfield code="a">ITALIA</subfield>
  </datafield>
  <datafield tag="260" ind1=" " ind2=" ">
    <subfield code="b">POLYDOR</subfield>
    <subfield code="c">1977 [1a Ed.:1977]</subfield>
  </datafield>
  <datafield tag="300" ind1=" " ind2=" ">
    <subfield code="a">DISCO</subfield>
  </datafield>
  <datafield tag="300" ind1=" " ind2=" ">
    <subfield code="c">32 minuti (Testo:  pag.)</subfield>
  </datafield>
  <datafield tag="500" ind1=" " ind2=" ">
    <subfield code="a">Musica strumentale. Arrangiamento</subfield>
  </datafield>
  <datafield tag="505" ind1=" " ind2=" ">
    <subfield code="a">Zwei Herzen Im Dreivierteltakt (2:00) - Mein Liebeslied Muss Ein Walzer Sein (2:00) - Wien Wird Bei Nacht Erst Schon (2:00) - Verliebte Muss Man Gar Nicht Erst in Stimmung Bringen (2:00) - Ob Blond, Ob Braun, Ich Liebe alle Frau'n (2:00) - Du Sollst Der Kaiser Meiner Seele Sein (2:00) - Sag Du, Sag Du Zu Mir! (5:00) - Auch du Wirst Mich Einmal Betrugen (2:00) - Adieu, Mein Kleiner Gardeoffizier (2:00) - Das Ist Der Fruhling in Wien (2:00) - Spiel Auf Deiner Geige Das Lied Von Leid Und Lust (6:00) - Jung San Ma! Fresch San Ma! (2:00) - Im Casino, Da Steht Ein Pianino (2:00) - Wohin Ist Das Alles, Wohin? (2:00) - Im Prater Bluhn Wieder Die Baume (2:00) - In Wien, Wo Der Wein Und Der Walzer Bluht (2:00) -Die Ganze Welt Ist Himmelblau (5:00) - Wenn Die Kleinen Veichen Bluhen (5:00) - Komm'in Den Park Von Sanssouci! ((2:00) - Salome (4:00) - Vor Meinem Vaterhaus (2:00) - Auf Der Heide Bluh'n Die Letzten Rosen (2:00)</subfield>
  </datafield>
  <datafield tag="650" ind1=" " ind2=" ">
    <subfield code="a">ARRANGIAMENTO [DISCHI]</subfield>
    <subfield code="e">Codice MATERIA SPICS: 9950</subfield>
    <subfield code="9">11251</subfield>
  </datafield>
  <datafield tag="700" ind1=" " ind2=" ">
    <subfield code="a">Last James</subfield>
    <subfield code="g">Codice interprete SPICS: 10976</subfield>
    <subfield code="e">Interprete</subfield>
    <subfield code="9">11252</subfield>
  </datafield>
  <datafield tag="700" ind1=" " ind2=" ">
    <subfield code="a">Stolz Robert</subfield>
    <subfield code="g">Codice autore musica SPICS: 13453</subfield>
    <subfield code="e">Autore musica</subfield>
    <subfield code="9">11253</subfield>
  </datafield>
  <datafield tag="700" ind1=" " ind2=" ">
    <subfield code="a">Reisch Walter</subfield>
    <subfield code="g">Codice autore SPICS: 27501</subfield>
    <subfield code="e">Autore</subfield>
    <subfield code="p">Zwei Herzen Im Dreivierteltakt - Auch du Wirst Mich Einmal Betrugen - Adieu, Mein Kleiner Gardeoffizier</subfield>
    <subfield code="9">11254</subfield>
  </datafield>
  <datafield tag="700" ind1=" " ind2=" ">
    <subfield code="a">Robinson Armin L.</subfield>
    <subfield code="g">Codice autore musica SPICS: 27502</subfield>
    <subfield code="e">Autore musica</subfield>
    <subfield code="p">Zwei Herzen Im Dreivierteltakt - Auch du Wirst Mich Einmal Betrugen</subfield>
    <subfield code="9">11255</subfield>
  </datafield>
  <datafield tag="700" ind1=" " ind2=" ">
    <subfield code="a">Gilbert Robert</subfield>
    <subfield code="g">Codice autore SPICS: 14464</subfield>
    <subfield code="e">Autore</subfield>
    <subfield code="p">Mein Liebeslied Muss Ein Walzer Sein - Verliebte Muss Man Gar Nicht Erst in Stimmung Bringen - Jung San Ma! Fresch San Ma! - Wohin Ist Das Alles, Wohin? - Ganze Welt Ist Himmelblau - Die Ganze Welt Ist Himmelblau</subfield>
    <subfield code="9">11256</subfield>
  </datafield>
  <datafield tag="700" ind1=" " ind2=" ">
    <subfield code="a">Sterk Wilhelm</subfield>
    <subfield code="g">Codice autore SPICS: 27503</subfield>
    <subfield code="e">Autore</subfield>
    <subfield code="p">Wien Wird Bei Nacht Erst Schon - Du Sollst Der Kaiser Meiner Seele Sein</subfield>
    <subfield code="9">11257</subfield>
  </datafield>
  <datafield tag="700" ind1=" " ind2=" ">
    <subfield code="a">Weys Rudolf</subfield>
    <subfield code="g">Codice autore SPICS: 27504</subfield>
    <subfield code="e">Autore</subfield>
    <subfield code="p">Verliebte Muss Man Gar Nicht Erst in Stimmung Bringen</subfield>
    <subfield code="9">11258</subfield>
  </datafield>
  <datafield tag="700" ind1=" " ind2=" ">
    <subfield code="a">Marischka Ernst</subfield>
    <subfield code="g">Codice autore SPICS: 27505</subfield>
    <subfield code="e">Autore</subfield>
    <subfield code="p">Ob Blond, Ob Braun, Ich Liebe alle Frau'n</subfield>
    <subfield code="9">11259</subfield>
  </datafield>
  <datafield tag="700" ind1=" " ind2=" ">
    <subfield code="a">Grunbaum Fritz</subfield>
    <subfield code="g">Codice autore SPICS: 27506</subfield>
    <subfield code="e">Autore</subfield>
    <subfield code="p">Du Sollst Der Kaiser Meiner Seele Sein</subfield>
    <subfield code="9">11260</subfield>
  </datafield>
  <datafield tag="700" ind1=" " ind2=" ">
    <subfield code="a">Beer Gustav</subfield>
    <subfield code="g">Codice autore SPICS: 27507</subfield>
    <subfield code="e">Autore</subfield>
    <subfield code="p">Sag Du, Sag du Zu Mir!</subfield>
    <subfield code="9">11261</subfield>
  </datafield>
  <datafield tag="700" ind1=" " ind2=" ">
    <subfield code="a">Reisch Walter</subfield>
    <subfield code="g">Codice autore SPICS: 27501</subfield>
    <subfield code="e">Autore</subfield>
    <subfield code="p">Auch du Wirst Mich Einmal Betrugen - Adieu, Mein Kleiner Gardeoffizier</subfield>
    <subfield code="9">11262</subfield>
  </datafield>
  <datafield tag="700" ind1=" " ind2=" ">
    <subfield code="a">Rebner Arthur</subfield>
    <subfield code="g">Codice autore SPICS: 27326</subfield>
    <subfield code="e">Autore</subfield>
    <subfield code="p">Das Ist Der Fruhling in Wien - Salome</subfield>
    <subfield code="9">11263</subfield>
  </datafield>
  <datafield tag="700" ind1=" " ind2=" ">
    <subfield code="a">Grunwald Alfred</subfield>
    <subfield code="g">Codice autore SPICS: 27508</subfield>
    <subfield code="e">Autore</subfield>
    <subfield code="p">Spiel Auf Deiner Geige Das Lied Von Leid Und Lust</subfield>
    <subfield code="9">11264</subfield>
  </datafield>
  <datafield tag="700" ind1=" " ind2=" ">
    <subfield code="a">Herzer Ludwig</subfield>
    <subfield code="g">Codice autore /musica SPICS: 27509</subfield>
    <subfield code="e">Autore musica</subfield>
    <subfield code="p">Spiel Auf Deiner Geige Das Lied Von Leid Und Lust</subfield>
    <subfield code="9">11265</subfield>
  </datafield>
  <datafield tag="700" ind1=" " ind2=" ">
    <subfield code="a">Hardt-Warden Bruno</subfield>
    <subfield code="g">Codice autore SPICS: 27510</subfield>
    <subfield code="e">Autore</subfield>
    <subfield code="p">Im Casino, Da Steht Ein Pianino - Wenn Die Kleinen Veichen Bluhen - Vor Meinem Vaterhaus</subfield>
    <subfield code="9">11266</subfield>
  </datafield>
  <datafield tag="700" ind1=" " ind2=" ">
    <subfield code="a">Grunwald Alfred</subfield>
    <subfield code="g">Codice autore SPICS: 27508</subfield>
    <subfield code="e">Autore</subfield>
    <subfield code="p">In Wien, Wo Der Wein Und Der Walzer Bluht</subfield>
    <subfield code="9">11267</subfield>
  </datafield>
  <datafield tag="700" ind1=" " ind2=" ">
    <subfield code="a">Rillo Richard</subfield>
    <subfield code="g">Codice autore SPICS: 27512</subfield>
    <subfield code="e">Autore</subfield>
    <subfield code="p">Komm'in Den Park Von Sanssouci!</subfield>
    <subfield code="9">11268</subfield>
  </datafield>
  <datafield tag="700" ind1=" " ind2=" ">
    <subfield code="a">Balz Bruno</subfield>
    <subfield code="g">Codice autore SPICS: 27513</subfield>
    <subfield code="e">Autore</subfield>
    <subfield code="p">Auf Der Heide Bluh'n Die Letzten Rosen</subfield>
    <subfield code="9">11269</subfield>
  </datafield>
  <datafield tag="942" ind1=" " ind2=" ">
    <subfield code="c">MD</subfield>
    <subfield code="2">ddc</subfield>
  </datafield>
  <datafield tag="952" ind1=" " ind2=" ">
    <subfield code="0">0</subfield>
    <subfield code="1">0</subfield>
    <subfield code="4">0</subfield>
    <subfield code="6">24646_000000000000000</subfield>
    <subfield code="7">1</subfield>
    <subfield code="a">SPICS</subfield>
    <subfield code="b">SPICS</subfield>
    <subfield code="d">2013-10-25</subfield>
    <subfield code="l">0</subfield>
    <subfield code="o">24646</subfield>
    <subfield code="r">2013-10-25 00:00:00</subfield>
    <subfield code="w">2013-10-25</subfield>
    <subfield code="y">MD</subfield>
    <subfield code="z">Progr. Ins.: 5341 / N.Vol.: 1 / Copie: 1 - Copia rara: n.d. / date import: 01.01.2014 - By Epidotti, Trombetti, Vaglietti</subfield>
  </datafield>
</record>
